zpět

Detail výsledku týmu

The PUB Praha 6 , Praha

Datum a čas kvízu

33.5 Celkem bodů Celkový počet nahraných bodů na tomto kvízu bez doplňovacích otázek.
2. Pořadí na kvízu Konečné umístění týmu na tomto kvízu.

Zaznamenané odpovědi

# Otázka Odpověď Body Výsledky
1. Nově zvolený rektor brněnské M... Robert Plaga 0
2. Armáda jednoho evropského stát... Švýcarsko 0
3. Do českých kin vstoupil minulý... ve vlaku 1
4. Minulý týden jsme se dozvěděli... Prima TV 1
5. První velké překvapení jarní č... Slavia Praha - MFK Karviná 0:1 1
6. Patrně nejznámější čarodějnicí... Kirké 1
7. Čaroděj Rumburak ve filmu z ro... Václav Vorlíček 1
8. Nechvalnou součástí historie j... Salem 1
9. Ve filmové adaptaci knihy Čaro... (Somewhere) Over the Rainbow 1
10. Hlavní postava malé čarodějnic... Abraxas 0